FIELD CROPS RESEARCH (Record no. 15658)
[ view plain ]
| 000 -LEADER | |
|---|---|
| fixed length control field | 00440nam a2200145Ia 4500 |
| 022 ## - INTERNATIONAL STANDARD SERIAL NUMBER | |
| ISSN | 0378-4290 |
| 245 #0 - TITLE STATEMENT | |
| Title | FIELD CROPS RESEARCH |
| 260 ## - PUBLICATION, DISTRIBUTION, ETC. (IMPRINT) | |
| Name of publisher | Elsevier Science Publishers, B.V., Amsterdam, The Netherlands |
| 310 ## - CURRENT PUBLICATION FREQUENCY | |
| Current publication frequency | 8/y |
| 500 ## - GENERAL NOTE | |
| General note | Ending Volume & Year: 39, 1994 |
| 500 ## - GENERAL NOTE | |
| General note | Missing Volume: 7(3);23(2);25(1,2);33(4) |
| 500 ## - GENERAL NOTE | |
| General note | Starting Volume & Year: 3, 1980 |
| 942 ## - ADDED ENTRY ELEMENTS (KOHA) | |
| Koha item type | Bound Journal |
| Withdrawn status | Lost status | Damaged status | Not for loan | Home library | Current library | Date acquired | Accession Number | Koha item type |
|---|---|---|---|---|---|---|---|---|
| Bound journals | RRII Library | RRII Library | 31/12/2021 | 15393J | Bound Journal |